00429nam a2200169Ia 4500008004100000041001200041082001200053100002700065245003500092365000800127520001400135546001200149630003500161650001400196655001400210730003500224101110s9999 xx 000 0 und d aENGLISH bSR24013 aMishra S.K. ,Puri V.K, aBusiness Economics (s.y.b.com) b110 aEconomics aENGLISH aBusiness Economics (s.y.b.com) aEconomics aEconomics aBusiness Economics (s.y.b.com)